Spotrebiteľský barometer II. 2017

Guardado en:
Detalles Bibliográficos
Formato: Libro
Lenguaje:eslovaco
inglés
Publicado: Bratislava Štatistický úrad Slovenskej republiky 2017
Colección:Podnikové štatistiky
Materias:
Etiquetas: Agregar Etiqueta
Sin Etiquetas, Sea el primero en etiquetar este registro!

MARC

LEADER 00000nlm$a2200000$$$4500
001 0234521
005 20240827082944.4
041 0 |a slo 
041 0 |a eng 
044 |a SK 
245 1 0 |a Spotrebiteľský barometer II.  |b 2017 
264 1 |a Bratislava  |b Štatistický úrad Slovenskej republiky  |c 2017 
300 |a 26 s. 
490 1 |a Podnikové štatistiky 
830 0 |a Podnikové štatistiky 
500 |a Zdroj dokumentu: Štatistický úrad SR 
610 2 0 |a údaje štatistické 
610 2 0 |a spotrebitelia 
610 2 0 |a správanie spotrebiteľa 
610 2 0 |a situácia hospodárska 
610 2 0 |a ceny spotrebiteľské 
610 2 0 |a nezamestnanosť 
610 2 0 |a domácnosti 
610 2 0 |a príjmy domácností 
610 2 0 |a príjmy obyvateľstva 
610 2 0 |a situácia finančná obyvateľstva 
610 2 0 |a sporenie obyvateľstva 
610 2 0 |a Slovensko